000 01048nac a22003137a 4500
001 BR0403893
003 BR-BrBNA
005 20240105123035.0
008 230509b bl.|||m| |||| 00| 0 por d
040 _aBR-BrBNA
_bpor
_cBiblioteca Nacional de Agricultura
072 _aH20
090 _a1410 BR0403893
100 1 _aOliveira, E.A.
100 1 _aAntunes, I.F.
110 1 _aInstituto de Pesquisa Agropecuária do Sul, Pelotas, RS (Brasil)
_96097
245 1 _aPrevalência das raças fisiológicas de Uromyces phaseolitypica Arth., no Rio Grande do Sul e em Santa Catarina
260 3 _aPelotas, RS (Brasil):
_c1973.
300 _a4p.
490 _aComunicado Técnico - Instituto de Pesquisa Agropecuária do Sul (Brazil)
_vno. 7
_x
650 _aFEIJÃO
650 _aFERRUGEM
650 _aUROMYCES PHASEOLI TYPICA
650 _aVARIEDADE RESISTENTE
650 _aRAÇA FISIOLÓGICA
650 _aRIO GRANDE DO SUL
650 _aSANTA CATARINA
909 _a202312
_bLúcia Elande
_c55
_dLúcia Elande
942 _2AGRIS
_n0
_cMS
999 _c293745
_d293745